000 01901cam a22004097i 4500
001 18198637
003 OSt
005 20220721122115.0
008 140624t20152015njua b 001 0 eng d
010 _a 2014944082
020 _a9780321776419 (pbk.)
020 _a0321776410 (pbk.)
035 _a(OCoLC)ocn890433569
040 _aYDXCP
_beng
_cYDXCP
_erda
_dDLC
042 _alccopycat
050 0 0 _aQA76.73.C15.K76
_b 2015
082 0 4 _a005.13/3
_223
100 1 _aKochan, Stephen G.,
_eauthor.
245 1 0 _aProgramming in C /
_cStephen G. Kochan.
250 _a4th edition.
264 1 _aUpper Saddle River, NJ :
_bAddison-Wesley,
_c[2015]
264 4 _c©2015.
300 _axv, 525 pages :
_billustrations ;
_c23 cm.
336 _atext
_btxt
_2rdacontent
337 _aunmediated
_bn
_2rdamedia
338 _avolume
_bnc
_2rdacarrier
490 1 _aDeveloper's library
504 _aIncludes bibliographical references and index.
505 _aContent: Introduction: Some fundamentals -- Compiling and running your first program -- Variables, data types, and expressions -- Program looping -- Making decisions -- Working with arrays -- Working Functions -- Working with structures -- Character strings -- Pointers -- operating on bits -- The preprocessor -- Extending data types with the enumerated data type, type definitions and data type conversions -- Working with larger programs -- Input and output operations in C -- Miscellaneous and advanced features Debugging programs -- Object-oriented programming --
650 0 _aC (Computer program language)
650 7 _aC (Computer program language)
_2fast
_0(OCoLC)fst00843279
830 0 _aDeveloper's library.
906 _a7
_bcbc
_ccopycat
_d2
_encip
_f20
_gy-gencatlg
942 _2lcc
_cBK
999 _c9076
_d16576